Detalles MARC
| 000 -LEADER |
| fixed length control field |
01409nam a2200373 a 4500 |
| 001 - CONTROL NUMBER |
| control field |
000041462 |
| 003 - CONTROL NUMBER IDENTIFIER |
| control field |
DO-SdBNP |
| 005 - DATE AND TIME OF LATEST TRANSACTION |
| control field |
20170919125613.0 |
| 007 - PHYSICAL DESCRIPTION FIXED FIELD--GENERAL INFORMATION |
| fixed length control field |
000041462 |
| 008 - FIXED-LENGTH DATA ELEMENTS--GENERAL INFORMATION |
| fixed length control field |
131007s1994 dr ab 001 0 spa d |
| 040 ## - CATALOGING SOURCE |
| Original cataloging agency |
BPMSU |
| Language of cataloging |
spa |
| Transcribing agency |
BPMSU |
| 082 #4 - DEWEY DECIMAL CLASSIFICATION NUMBER |
| Classification number |
362.1097293 |
| Item number |
B333c |
| 100 1# - MAIN ENTRY--PERSONAL NAME |
| Personal name |
Batista del Villar, Guarocuya |
| 245 10 - TITLE STATEMENT |
| Title |
Cinco ensayos sobre la salud de los dominicanos / |
| Statement of responsibility, etc. |
Guarocuya Batista del Villar. |
| 260 ## - PUBLICATION, DISTRIBUTION, ETC. (IMPRINT) |
| Place of publication, distribution, etc. |
Santo Domingo : |
| Name of publisher, distributor, etc. |
Asociación Medica Dominicana, |
| Date of publication, distribution, etc. |
1994. |
| 300 ## - PHYSICAL DESCRIPTION |
| Extent |
132 p. : |
| Other physical details |
il., mapas ; |
| Dimensions |
21 cm. |
| 490 1# - SERIES STATEMENT |
| Series statement |
AMD-Centenaria |
| Volume/sequential designation |
7 |
| 500 ## - GENERAL NOTE |
| General note |
Incluye datos biografícos del autor en la contraportada. |
| 504 ## - BIBLIOGRAPHY, ETC. NOTE |
| Bibliography, etc |
Incluye bibliografía y notas al final de capítulos. |
| 650 #4 - SUBJECT ADDED ENTRY--TOPICAL TERM |
| Topical term or geographic name as entry element |
SERVICIOS DE SALUD |
| Geographic subdivision |
REPÚBLICA DOMINICANA |
| General subdivision |
ENSAYOS, CONFERENCIAS, ETC. |
| 650 #4 - SUBJECT ADDED ENTRY--TOPICAL TERM |
| Topical term or geographic name as entry element |
ATENCIÓN MÉDICA |
| Geographic subdivision |
REPÚBLICA DOMINICANA |
| General subdivision |
ENSAYOS, CONFERENCIAS, ETC. |
| 650 #4 - SUBJECT ADDED ENTRY--TOPICAL TERM |
| Topical term or geographic name as entry element |
PRÁCTICA MÉDICA |
| Geographic subdivision |
REPÚBLICA DOMINICANA |
| General subdivision |
ENSAYOS, CONFERENCIAS, ETC. |
| 650 #4 - SUBJECT ADDED ENTRY--TOPICAL TERM |
| Topical term or geographic name as entry element |
SATISFACCIÓN DEL PACIENTE |
| General subdivision |
ENSAYOS, CONFERENCIAS, ETC. |
| 710 2# - ADDED ENTRY--CORPORATE NAME |
| Corporate name or jurisdiction name as entry element |
Asociación Médica Dominicana |
| 830 #0 - SERIES ADDED ENTRY--UNIFORM TITLE |
| Uniform title |
AMD-Centenaria |
| Number of part/section of a work |
7 |
| 910 ## - USER-OPTION DATA (OCLC) |
| User-option data |
Validado. Control de calidad EMS |
| 930 #1 - EQUIVALENCE OR CROSS-REFERENCE-UNIFORM TITLE HEADING [LOCAL, CANADA] |
| Language of a work |
|
| Medium of performance for music |
|
| Medium |
|
| Field link and sequence number |
|
| Date of a work |
|
| Name of part/section of a work |
|
| Miscellaneous information |
|
| 942 ## - ADDED ENTRY ELEMENTS (KOHA) |
| Source of classification or shelving scheme |
Dewey Decimal Classification |
| Koha item type |
Libros |
| 945 ## - LOCAL PROCESSING INFORMATION (OCLC) |
| a |
Inventariado / 2017 VM |
| 956 ## - LOCAL ELECTRONIC LOCATION AND ACCESS (OCLC) |
| Host name |
|
| Access number |
|
| Compression information |
|
| Logon |
|
| Processor of request |
|
| 956 ## - LOCAL ELECTRONIC LOCATION AND ACCESS (OCLC) |
| Host name |
|
| Access number |
|
| Compression information |
|
| Logon |
|
| Processor of request |
|
| 956 ## - LOCAL ELECTRONIC LOCATION AND ACCESS (OCLC) |
| Host name |
|
| Access number |
|
| Compression information |
|
| Logon |
|
| Processor of request |
|
| 956 ## - LOCAL ELECTRONIC LOCATION AND ACCESS (OCLC) |
| Host name |
VMATEO |
| Access number |
10 |
| Compression information |
20150327 |
| Logon |
BPMSU |
| Processor of request |
00151 |